Basic aspects of teaching physical education/ (Record no. 8080)
[ view plain ]
| 000 -LEADER | |
|---|---|
| fixed length control field | 00607 a2200181 4500 |
| 010 ## - LCCN (DPL NO) | |
| LC control number | ENG-88300 |
| 020 ## - INTERNATIONAL STANDARD BOOK NUMBER | |
| Terms of availability | 450.00 |
| International Standard Book Number | 8189102524 |
| 035 ## - SYSTEM CONTROL NUMBER | |
| System control number | EN-71833 |
| 037 ## - SOURCE OF ACQUISITION | |
| Source of stock number/acquisition | DBAD / PUB |
| 082 14 - DEWEY DECIMAL CLASSIFICATION NUMBER | |
| Classification number | 372.86044 |
| 245 1# - TITLE STATEMENT | |
| Title | Basic aspects of teaching physical education/ |
| Statement of responsibility, etc | edited by Rajesh Vaidhya; compiled by Rachna Jain |
| 260 ## - PUBLICATION, DISTRIBUTION, ETC. (IMPRINT) | |
| Place of publication, distribution, etc | Delhi |
| Name of publisher, distributor, etc | Prerna Prakashan |
| Date of publication, distribution, etc | 2006 |
| 270 ## - ADDRESS | |
| Address | C-13, Plot No. D-5, Rose Apartment, Sector-14 Extn., Rohini, |
| City | Delhi |
| Postal code | 110 085 |
| 300 ## - PHYSICAL DESCRIPTION | |
| Extent | 268p. |
| Dimensions | 22cm ( Hb) |
| 700 ## - ADDED ENTRY--PERSONAL NAME | |
| Personal name | Vaidhya, Rajesh |
| 700 ## - ADDED ENTRY--PERSONAL NAME | |
| Personal name | Jain, Rachna |
| 942 ## - ADDED ENTRY ELEMENTS (KOHA) | |
| Institution code [OBSOLETE] | dpl |
| Item type | English Books |
| Source of classification or shelving scheme | Dewey Decimal Classification |
| Classification part | 372.86044 |
| Call number suffix | BAS |
| Withdrawn status | Lost status | Not for loan | Collection code | Home library | Current library | Source of acquisition | Cost, normal purchase price | Full call number | Barcode | Copy number | Cost, replacement price | Koha item type |
|---|---|---|---|---|---|---|---|---|---|---|---|---|
| Not For Loan | Non-fiction | D.B.Act.Division | D.B.Act.Division | DBAD/PUB | 450.00 | 372.86044 BAS | EN-71833 | 1 | 450.00 | English Books |
